000 00952nam a2200205Ia 4500
001 232.916-FRA fr sc (837)
003 IT-MiSPE
008 171229s9999||||xx |||||||||||||| ||und||
040 _aIT-MiSPE
_cIT-MiSPE
041 _aITALIANO
100 _aFrancesco Franzi
245 0 _aDallo scrigno del Cuore di Maria
_bPagine di spiritualità
250 _a1a ed. (v)
260 _aBiella
_bTip. Unione Biellese
_cs.d.
300 _a151 p.
_c21 cm
501 _aEdizioni San Paolo srl - Piazza Soncino, 5 - 20092 CINISELLO BALSAMO (MI) (non commercial uses only) ® Copyright 2018
942 _cBK
957 _71
999 _a9527
_bNO
_g Copie: 1
_c340602
_d340602